000 00328nam a2200133Ia 4500
005 20251222152047.0
008 251222s9999||||xx |||||||||||||| ||spa||
020 _a978-9972-622-94-6
082 _a658.315/P91
100 _aPuerta, Mauricio
245 0 _aVinculando Efectivamente:
264 _bUniversidad ESAN
942 _cLIB
999 _c26279
_d26279